Introduction to marine biology (Record no. 23757)
[ view plain ]
| 000 -LEADER | |
|---|---|
| fixed length control field | 00316nam a2200121Ia 4500 |
| 082 ## - DEWEY DECIMAL CLASSIFICATION NUMBER | |
| Classification number | 57(26) |
| Item number | MCC |
| 100 ## - MAIN ENTRY--AUTHOR NAME | |
| Personal name | MCCONNAUGHEY, Bayard H |
| 245 #0 - TITLE STATEMENT | |
| Title | Introduction to marine biology |
| 260 ## - PUBLICATION, DISTRIBUTION, ETC. (IMPRINT) | |
| Place of publication | Saint Louis |
| Name of publisher | CV Mosby |
| Year of publication | 1970 |
| 650 ## - SUBJECT ADDED ENTRY--TOPICAL TERM | |
| Topical Term | Marine biology |
| 942 ## - ADDED ENTRY ELEMENTS (KOHA) | |
| Koha item type | Books |
| Withdrawn status | Lost status | Damaged status | Not for loan | Home library | Current library | Date acquired | Full call number | Accession Number | Koha item type |
|---|---|---|---|---|---|---|---|---|---|
| RRII Library | RRII Library | 16/12/2021 | 57(26) MCC | 04452 | Books |